000 00909 a2200229 4500
005 20080924101755.0
008 080924t xxu||||| |||| 00| 0 eng d
010 _aENG-87811
020 _a8184120389
_c425.00
035 _aEN-71344
037 _bD.B.Act / Pub
082 _a510
100 _aDas, Nanda Ram
245 _aA textbook of degree mathematics
_cby Nanda Ram Das and Pranjal Rajkhowa
260 _aNew Delhi
_bAsian Books
_c2007
270 _a7/28, Mahavir Lane, Vardan House, Ansari Road, Darya Ganj
_bNew Delhi
_e110002
_k011-23287577, 011-23282098
_masian@asianbooksindia.com
300 _aBook- 1 (various paging)
_c24 cm. (Pbk)
500 _aIncludes index.
700 _aRajkhowa, Pranjal
942 _adpl
_cEN
_k510 / DAS
_2ddc
_h510
_mDAS
999 _c7012
_d7012